000 00331nam a22001217a 4500
008 160430b xxu||||| |||| 00| 0 eng d
020 _a9780495553106
020 _a0495553107
041 _aeng
080 _a612.39
245 _aNutrition concepts and controversies:
_cAlana D. Cline; Frances Sizer; Ellie Whitney;
942 _2udc
_cBK
999 _c1712
_d1712